Normal view
MARC view
Entry Personal Name
001 - CONTROL NUMBER
- control field: 21677
003 - CONTROL NUMBER IDENTIFIER
- control field: ARRUPE
005 - DATE AND TIME OF LATEST TRANSACTION
- control field: 20160121121432.0
008 - FIXED-LENGTH DATA ELEMENTS
- fixed length control field: 160121|| aca||aabn | a|a d
040 ## - CATALOGING SOURCE
- Original cataloging agency: ARRUPE
- Transcribing agency: ARRUPE
100 ## - HEADING--PERSONAL NAME
- Personal name: Baker, Samuel White,
- Titles and other words associated with a name: Sir,
- Dates associated with a name: 1821-1893.
670 ## - SOURCE DATA FOUND
- Source citation: Work cat.: (ARRUPE)0: Baker, Samuel White, Sir, 1821-1893., The Albert N'yanza, great basin of the Nile,, 1870.